| 000 | 00737cab a2200229 4500 | ||
|---|---|---|---|
| 001 | WB3109-16 | ||
| 008 | 090401t1995 xxu||||| |||| 00| 0 eng d | ||
| 035 | _a(Sirsi) u15447 | ||
| 041 | _aeng | ||
| 245 | _aSunday shopping opening | ||
| 260 | _c1995 | ||
| 350 | _a0 | ||
| 490 |
_aFinancial Times _v27 February 1995, 8(1) |
||
| 520 | _aLarge out-of-town shopping centres have taken advantage of the deregulation of Sunday opening rather than town centre outlets. "Sunday trading" Healey & Baker Research Services. | ||
| 650 | _aHEALEY AND BAKER | ||
| 650 | _aRETAILING | ||
| 650 | _aSUNDAY OPENING | ||
| 650 | _aSUNDAY TRADING | ||
| 690 | _aPROPERTY-COMMERCIAL PROPERTY-RETAIL PROPERTY | ||
| 942 | _n0 | ||
| 948 | _c04/03/1997 | ||
| 999 |
_c10131 _d10131 |
||